Statistics for Countries Bordering (Countries Bordering) India

Click here to take the quiz!

General Stats

  • This quiz has been taken 58 times
  • The average score is 15 of 17

Answer Stats

Country% Correct
China
98%
Bangladesh
96%
Nepal
96%
Bhutan
95%
Myanmar (Burma)
93%
Pakistan
93%
Afghanistan
91%
Iran
84%
Tajikistan
84%
Thailand
82%
Laos
81%
Mongolia
81%
Russia
79%
Vietnam
79%
Kazakhstan
77%
Kyrgyzstan
77%
North Korea
74%

Score Distribution

Percentile by Number Answered

Percent of People with Each Score

Your Score History

You have not taken this quiz